00905nam a2200253 i 4500003000900000005001700009007000300026008003600029020001800065040003400083082002700117100003900144245007600183264007100259300002800330336002700358337003300385338002800418500007300446650001800519650002200537700003600559710005600595DO-SdBPM20251017134125.0ta230609b2022 dr ||||| 00| 0 spa d a9789945510171 aDO-SdBPMbspacBPMSU erdad  4aCu863.5bE18L 20222221 aEchevarría, Ahmel,d1974-eautor13aLa noria :bnovela /cAhmel Echevarría ; corrección Andrés Blanco aSanto Domingo :bEditora Nacional;bMinisterio de Cultura, c2022. a176 páginas ;c21 cm. 2rdacontentatextobtxt 2rdamediaasin mediaciónbn 2rdacarrieravolumenbnc aIncluye referencias bibliográficas y notas al pie de las páginas 7aNovela cubana 4aLiteratura cubana1 aBlanco, Andrés,ecorrección2 aMinisterio de Cultura de la República Dominicana